15 najbardziej dotkniętych krajów Covid-19 - 26 maja - Statystyki

Ogólne statystyki
  • Ten quiz został rozwiązany 49 razy
  • Średni wynik to 13 z 25
Statystyki odpowiedzi
kraj % Poprawnych
Chiny
100%
Rosja
98%
Stany Zjednoczone
98%
Hiszpania
85%
Francja
83%
Włochy
83%
Niemcy
81%
Brazylia
77%
Kanada
77%
Wielka Brytania
74%
Indie
72%
Turcja
47%
Szwecja
45%
Iran
34%
Irlandia
34%
Belgia
32%
Chile
30%
Chile
30%
Peru
30%
Białoruś
23%
Katar
13%
Singapur
13%
Szwajcaria
13%
Bahrajn
4%
Kuwejt
4%
Nie znaleziono quizów pasujących do podanych kryteriów
Rozkład punktacji
Procent ludzi z każdym wynikiem
Percentyl według liczby udzielonych odpowiedzi
Twoja historia wyników
Nie rozwiązałeś tego quizu